| Tag |
First Indicator |
Second Indicator |
Subfields |
| LEADER |
00000cam a2200000 4500 |
| 001 |
in00000684607 |
| 005 |
20151015171709.0 |
| 008 |
690923s1969 mou j 00001 eng |
| 010 |
|
|
|a 75086156
|
| 035 |
|
|
|a (OCoLC)00030432
|
| 035 |
|
|
|9 ADA1069AM
|
| 037 |
|
|
|c 3.95
|
| 040 |
|
|
|a DLC
|c DLC
|d TXA
|d UtOrBLW
|
| 049 |
|
|
|a TXAM
|c [919381]
|
| 050 |
0 |
0 |
|a PZ7.I34
|b Cal
|
| 082 |
0 |
|
|a [Fic]
|
| 100 |
1 |
|
|a Immel, Mary Blair.
|
| 245 |
1 |
0 |
|a Call up the thunder.
|
| 264 |
|
1 |
|a St.Louis :
|b Bethany Press,
|c [1969]
|
| 300 |
|
|
|a 176 pages ;
|c 22 cm.
|
| 336 |
|
|
|a text
|b txt
|2 rdacontent
|
| 337 |
|
|
|a unmediated
|b n
|2 rdamedia
|
| 338 |
|
|
|a volume
|b nc
|2 rdacarrier
|
| 520 |
|
|
|a A chance meeting with a young migrant worker develops into a friendship which helps a high school boy overcome his prejudice and hostility.
|
| 650 |
|
1 |
|a Migrant labor
|x Fiction.
|
| 999 |
|
|
|a MARS
|
| 999 |
f |
f |
|s a687e8e0-4a70-32ae-a13f-749f116a7bbd
|i 0dcd0e12-62e1-377d-b835-95dc5668eb71
|t 0
|
| 952 |
f |
f |
|p ric
|a Texas A&M University
|b Rellis Campus
|c Joint Library Facility
|d Remote Storage
|t 0
|e PZ7.I34 Cal
|h Library of Congress classification
|i unmediated -- volume
|m A14843017964
|
| 998 |
f |
f |
|a PZ7.I34 Cal
|t 0
|l Remote Storage
|